Globalizačné tendencie na začiatku 21. storočia bakalárska práca

Uložené v:
Podrobná bibliografia
Hlavný autor: Kurka, Matej
Korporativný autor: Národohospodárska fakulta EU. Katedra hospodárskej politiky
Ďalší autori: Chandoga, Roman
Médium: Kniha
Jazyk:Slovak
Vydavateľské údaje: Bratislava 2012
Tagy: Pridať tag
Žiadne tagy, Buďte prvý, kto otaguje tento záznam!

MARC

LEADER 00000nbm a2200000 4500
001 0155998
005 20161109111931.1
041 0 |a slo 
044 |a SK 
245 1 0 |a Globalizačné tendencie na začiatku 21. storočia  |b bakalárska práca  |c Matej Kurka ; školiteľ: Roman Chandoga 
264 1 |a Bratislava  |c 2012 
300 |a 45 s. 
100 1 |a Kurka, Matej 
700 1 |a Chandoga, Roman 
710 2 |a Národohospodárska fakulta EU. Katedra hospodárskej politiky